000 00591nam a2200229Ia 4500
003 OSt
005 20220924142929.0
006 a|||||r|||| 00| 0
007 ta
008 220923b |||||||| |||| 00| 0 ori d
024 _a303997
037 _cTextual
040 _aARTS
_cARTS
_bORI
041 _2ORI
_aORI
082 _aO1591,1NSH,1, K6
100 _aRabindranath Singh
_9214372
245 0 _aApritikara kabita
260 _c1966
650 _aORIYA LITERATURE
_927692
942 _hO1591,1NSH,1, K6
_cTEXL
_2CC
999 _c452559
_d452559